000 01517nam1a2200361 4500
001 RU\NLR\BIBL_A\022615400
005 20260408212454.0
035 _a(NLR Aleph) 022615400
090 _a13496489
_c13496489
100 _a20251214 rusy50
101 0 _arus
102 _aRU
105 _a| z |||||
181 0 _ai
_baxxe
182 0 _an
200 1 _aЗаключенные Свирлага
_eсборник кратких биографических сведений
_fМ. В. Муравьева
203 _aТекст
_bвизуальный
_cнепосредственный
210 _aСанкт-Петербург
_cРеноме
_d2025-
215 _d21
300 _aНа обл. авт. не указан
309 _aПервый том вышел ненумерован.
601 0 2 _aСвирский исправительно-трудовой лагерь ОГПУ
_jБиографические словари
_92425497
_3RU\NLR\AUTH\6601662558
686 1 _aТ3(2)71-3я21
686 1 _aХ628.402.11я21
700 1 _7ca
_8rus
_aМуравьева
_bМ. В.
_cисторик
_gМарина Владимировна
_9264539
_3RU\NLR\AUTH\770264595
712 0 2 _4570
_aСвирский исправительно-трудовой лагерь ОГПУ
_9678348
_3RU\NLR\AUTH\880509062
852 _aNLR
_jС 2022-2/339
942 _cBOOK
980 _aNB